000 00642cam a22002053a 4500
001 39655
003 PGUSA
005 20140828083900.0
008 120508s2012||||xxu|||||s|||||000 | eng d
040 _aPGUSA
_beng
042 _adc
100 1 _aFroude, James Anthony,
_d1818-1894
245 1 0 _aHistory of England from the fall of Wolsey to the death of Elizabeth. Vol. III
_h[electronic resource] /
_cJames Anthony Froude
260 _bProject Gutenberg,
_c2012
506 _aPublic domain in the USA.
516 _aElectronic text
830 0 _aProject Gutenberg
_v39655
856 4 0 _uhttp://www.gutenberg.org/ebooks/39655
942 _cEB
999 _c268908
_d268908